Statistics for Muan International Airport (MWX) Destinations

Click here to take the quiz!

General Stats

  • This quiz has been taken 4 times
  • The average score is 7 of 14

Answer Stats

Airliners operatingAnswer% Correct
Seasonal Jeju AirTaipei-Taoyuan
100%
Seasonal Jeju AirBangkok-Suvarnabhumi
75%
Charter Korean AirNagoya-Centrair
75%
Seasonal Jeju AirOsaka Kansai
75%
Vietjet Air, Pacific Airlines, Jeju AirDa Nang
50%
Jeju AirGuam Intl
50%
Seasonal Jeju AirKota Kinabalu
50%
Pacific AirlinesNha Trang
50%
Sky Angkor Airlines CharterSiem Reap
50%
Pacific AirlinesDa Lat
25%
StarFlyer Japan CharterKitakyushu
25%
Hunnu AirUlaanbaatar
25%
Seasonal Jeju airVientiane
25%
Sichuan AirlinesZhangjiajie Dayong
25%

Score Distribution

Percentile by Number Answered

Percent of People with Each Score

Your Score History

You have not taken this quiz